| 000 | 00511nam a22001457a 4500 | ||
|---|---|---|---|
| 082 | _a004 | ||
| 100 | _aIrfan, Muhammad | ||
| 245 |
_aFeasibility Analysis for Incorporating/ Deploying Siem for Forensic Evicence Collection in Cloud Environment / _cMuhammad Irfan |
||
| 260 |
_aIslamabad : _bMCS - NUST, _c2016. |
||
| 300 |
_a66 p. ; _c30cm. |
||
| 650 |
_aInformation Security-MS-Thesis _916348 |
||
| 700 |
_aDr. Haider Abbas _921260 |
||
| 942 |
_2ddc _cTHE |
||
| 999 |
_c540811 _d540811 |
||